000 00346nam a2200145Ia 4500
008 230312s9999||||xx |||||||||||||| ||und||
020 _a1-84376-403-2
082 _a303.34
_bWRE-N
100 _aShipley;Buddy
245 0 _aGuide to Local Area Networks
260 _bEE
_aUK
_c2004
300 _a670
650 _aComputer
_vComputer
942 _cBK
999 _c15487
_d15487